Leçons sur les récurrences et leurs applications
Zapisane w:
| 1. autor: | |
|---|---|
| Format: | Książka |
| Język: | francuski |
| Wydane: |
París
Gauthier-Villars
1956
|
| Seria: | Collection de Monographies sur la Théorie des Fonctions
|
| Hasła przedmiotowe: | |
| Etykiety: |
Dodaj etykietę
Nie ma etykietki, Dołącz pierwszą etykiete!
|
MARC
| LEADER | 00000nam a2200000 a 4500 | ||
|---|---|---|---|
| 001 | UCP2612 | ||
| 003 | CL-VaPUC | ||
| 008 | 990520e19560000FR |||||||||||||||||fre|d | ||
| 082 | 0 | 4 | |a 512.72 |b MON |2 21 |
| 100 | |a Montel, Paul |e autor |9 429483 | ||
| 245 | 1 | 0 | |a Leçons sur les récurrences et leurs applications |
| 300 | |a 268 p | ||
| 942 | |c BK | ||
| 945 | |d 19990520 00:00:00 |a crobeson | ||
| 260 | |a París |b Gauthier-Villars |c 1956 | ||
| 650 | 7 | |a FRACCIONES CONTINUAS |2 CL-VaPUC |9 271097 | |
| 650 | 0 | |a Teoría de números |9 265327 | |
| 583 | |a last modification |c 19990520 00:00:00 |k Rodrigo Vera | ||
| 490 | 0 | |a Collection de Monographies sur la Théorie des Fonctions | |
| 999 | |c 281124 |d 281122 | ||
| 952 | |0 0 |1 0 |4 0 |6 512_720000000000000_MON_1956 |7 0 |8 A |9 321789 |a BIBMAT |b BIBMAT |d 2019-11-20 |i 1346148 |o 512.72 MON 1956 |p 1346148 |r 2025-01-07 |w 2019-11-20 |y BK |k MAT | ||